World of fish (Record no. 30265)

MARC details
000 -LEADER
fixed length control field 00274nam a2200121Ia 4500
082 ## - DEWEY DECIMAL CLASSIFICATION NUMBER
Classification number 597
Item number HON
245 #0 - TITLE STATEMENT
Title World of fish
260 ## - PUBLICATION, DISTRIBUTION, ETC. (IMPRINT)
Place of publication New York
Name of publisher Peebles
Year of publication 1975
650 ## - SUBJECT ADDED ENTRY--TOPICAL TERM
Topical Term Fishes
700 ## - ADDED ENTRY--PERSONAL NAME
Personal name Honder, John
942 ## - ADDED ENTRY ELEMENTS (KOHA)
Koha item type Books
Holdings
Withdrawn status Lost status Damaged status Not for loan Home library Current library Date acquired Full call number Accession Number Koha item type
        RRII Library RRII Library 16/12/2021 597 HON 10839 Books